[Event "Anna Ushenina"]
[Site "SchemingMind.com"]
[Date "2013.01.10"]
[Round "-"]
[White "Phillip Beckett"]
[Black "simpet"]
[Result "0-1"]
[WhiteCountry "ENG"]
[BlackCountry "ENG"]
[WhiteElo "1591"]
[WhiteRD "47"]
[BlackElo "1613"]
[BlackRD "54"]
[GameID "324904"]

1. d4 d5 2. e3 Nf6 3. f4 g6 4. Nf3 e6 5. Bd3 Bg7 6. c3 O-O 7. O-O b6 8. Ne5 Bb7 9. Nd2 Nc6 10. Ndf3 Nxe5
11. fxe5 Nd7 12. Qe1 c5 13. Qg3 f6 14. exf6 Bxf6 15. Nh4 Bxh4 16. Rxf8+ Nxf8 17. Qf3 Qf6 18. Qxf6 Bxf6 19. Bd2 e5 20. Rf1 Kg7
21. h3 exd4 22. exd4 cxd4 23. Bh6+ Kxh6 24. Rxf6 Kg7 25. Rd6 dxc3 26. bxc3 Rc8 27. Be2 Rxc3
0-1

[Event "Anna Ushenina"]
[Site "SchemingMind.com"]
[Date "2013.03.04"]
[Round "-"]
[White "recam"]
[Black "kenneth m day"]
[Result "1-0"]
[WhiteCountry "ENG"]
[BlackCountry "USA"]
[WhiteElo "1548"]
[WhiteRD "125"]
[BlackElo "1752"]
[BlackRD "52"]
[GameID "328027"]

1. d4 g6 2. e4 Bg7 3. Nc3 d6 4. Be3 a6 5. Nf3 Nd7 6. Bd3 b5 7. Qd2 Bb7 8. O-O e5 9. dxe5 Nxe5 10. Nxe5 Bxe5
11. a4 bxa4 12. Rxa4 Ne7 13. Bh6 Ng8 14. Rfa1 Bxh2+ 15. Kf1 Be5 16. Bxa6 Bc6 17. Bb5 Rxa4 18. Bxc6+ Ke7 19. Rxa4 Qb8 20. Ra8 Qxb2
21. Re8+
1-0

[Event "Anna Ushenina"]
[Site "SchemingMind.com"]
[Date "2013.03.04"]
[Round "-"]
[White "kenneth m day"]
[Black "recam"]
[Result "0-1"]
[WhiteCountry "USA"]
[BlackCountry "ENG"]
[WhiteElo "1720"]
[WhiteRD "53"]
[BlackElo "1648"]
[BlackRD "114"]
[GameID "328032"]

1. e4 e6 2. d4 d5 3. Nd2 Be7 4. Ngf3 Nf6 5. e5 Nfd7 6. Bd3 c5 7. c3 Nc6 8. O-O a5 9. Re1 c4 10. Bc2 b5
11. Nf1 Nb6 12. Ng3 h5 13. h4 Bxh4 14. Nxh4 Qxh4 15. Qf3 Bd7 16. Bf4 O-O-O 17. Qe3 Qe7 18. Bg5 f6 19. exf6 gxf6 20. Bh4 Qg7
21. Qf3 Rdf8 22. Bd1 Qg4 23. Nxh5 Qxh4 24. Qh3 Qxh3 25. gxh3 e5 26. Bg4 Bxg4 27. hxg4 exd4 28. Re6 Kc7 29. Rae1 f5 30. Rg6 Re8
31. Rxe8 Rxe8 32. gxf5 d3 33. Kh2 d2
0-1

[Event "Anna Ushenina"]
[Site "SchemingMind.com"]
[Date "2013.03.23"]
[Round "-"]
[White "Ezedoke"]
[Black "Majoanis"]
[Result "1-0"]
[WhiteCountry "ARG"]
[BlackCountry "CAN"]
[WhiteElo "2390"]
[WhiteRD "71"]
[BlackElo "1736"]
[BlackRD "59"]
[GameID "328915"]

1. e4 e5 2. Nf3 Nc6 3. Bb5 Nf6 4. O-O Nxe4 5. d4 Nd6 6. Bxc6 dxc6 7. dxe5 Nf5 8. Qxd8+ Kxd8 9. Nc3 Bd7 10. Rd1 Kc8
11. Ng5 Be8 12. b3 Be7 13. Nge4 b6 14. h3
1-0

[Event "Anna Ushenina"]
[Site "SchemingMind.com"]
[Date "2013.03.23"]
[Round "-"]
[White "Majoanis"]
[Black "Ezedoke"]
[Result "0-1"]
[WhiteCountry "CAN"]
[BlackCountry "ARG"]
[WhiteElo "1736"]
[WhiteRD "59"]
[BlackElo "2390"]
[BlackRD "71"]
[GameID "328917"]

1. d4 Nf6 2. c4 e6 3. Nc3 Bb4 4. Nf3 c5 5. g3 cxd4 6. Nxd4 O-O 7. Bg2 d5 8. cxd5 Nxd5 9. Bd2 Bxc3 10. bxc3 e5
11. Nb3 Nc6 12. O-O Nb6 13. Be3 Qc7
0-1

[Event "Anna Ushenina"]
[Site "SchemingMind.com"]
[Date "2013.03.27"]
[Round "-"]
[White "thefriediceman"]
[Black "jxpepe"]
[Result "1-0"]
[WhiteCountry "USA"]
[BlackCountry "USA"]
[WhiteElo "1941"]
[WhiteRD "99"]
[BlackElo "1856"]
[BlackRD "126"]
[GameID "329236"]

1. e4 c5 2. Nc3 Nc6 3. g3 g6 4. Bg2 Bg7 5. d3 d6 6. Be3 Nf6 7. h3 O-O 8. Qd2 Qb6 9. Rb1 Bd7 10. Nge2 a5
11. O-O Rfc8 12. Bh6 Bxh6 13. Qxh6 Nd4 14. Qc1 a4 15. Re1 e5 16. Kh2 Bc6 17. Nd1 d5 18. f3 dxe4 19. dxe4 Rd8 20. Ne3 Qa6
21. Ng1 b5 22. c3 Ne6 23. Qc2 c4 24. Rbd1 Nc5 25. Bf1 a3 26. Rxd8+ Rxd8 27. Rd1 Rc8 28. Rd2 Qa7 29. Ng2 axb2 30. Qxb2 h6
31. Ne1 Nh5 32. Nc2 Nxg3 33. Kxg3 Na4 34. Qa1 Qxg1+ 35. Rg2 Qb6 36. Qe1 Bb7 37. Nb4 Kh7 38. Kh2 Rd8 39. Rc2 Qd6 40. Be2 f5
41. Bf1 Nc5 42. Bg2 Nd3 43. Qb1 Qf6 44. exf5
1-0

[Event "Anna Ushenina"]
[Site "SchemingMind.com"]
[Date "2013.03.27"]
[Round "-"]
[White "jxpepe"]
[Black "thefriediceman"]
[Result "1-0"]
[WhiteCountry "USA"]
[BlackCountry "USA"]
[WhiteElo "1894"]
[WhiteRD "125"]
[BlackElo "1912"]
[BlackRD "95"]
[GameID "329241"]

1. e4 e5 2. Nf3 Nc6 3. Bb5 a6 4. Ba4 Nf6 5. O-O Be7 6. Re1 b5 7. Bb3 O-O 8. c3 d6 9. h3 Na5 10. Bc2 c5
11. d4 Qc7 12. d5 Ne8 13. Nbd2 f5 14. exf5 Bxf5 15. Bxf5 Rxf5 16. b3 Rf7 17. Ne4 h6 18. Be3 Nf6 19. Nxf6+ Bxf6 20. Nd2 Be7
21. Ne4 Raf8 22. a4 Nb7 23. axb5 axb5 24. Qe2 Qd7 25. Ra7 Rb8 26. Rea1 Rff8 27. R1a6 Rfc8 28. Bxh6 gxh6 29. Rxd6 Qf5 30. Rb6 Qd7
31. Rg6+ Kf7 32. Qh5
1-0

[Event "Anna Ushenina"]
[Site "SchemingMind.com"]
[Date "2013.04.10"]
[Round "-"]
[White "white bishop"]
[Black "Kenny Elliott"]
[Result "1-0"]
[WhiteCountry "PHI"]
[BlackCountry "USA"]
[WhiteElo "2238"]
[WhiteRD "81"]
[BlackElo "1424"]
[BlackRD "114"]
[GameID "329942"]

1. c4 Nf6 2. Nf3 c5 3. d4 d6 4. e3 Bg4 5. Nc3 Nc6 6. Be2 g6 7. O-O Bg7 8. d5 Bxf3 9. Bxf3 Ne5 10. Be2 O-O
11. b3 Re8 12. Rb1 a6 13. Bd2 e6 14. f4 Ned7 15. dxe6 Rxe6 16. Bf3 Rb8 17. a4 Qc7 18. Qc2 Rbe8 19. Rbd1 b6 20. Bc1 Qa7
21. g4 Nf8 22. f5 R6e7 23. g5 N6d7 24. f6 Nxf6 25. gxf6 Bxf6 26. Bc6 Rc8 27. Rxf6 Rxc6 28. Nd5 Re5 29. Bb2 Rg5+ 30. Kf2 Rh5
31. Kf3 Ne6 32. Kg2 Qd7 33. Rxg6+ Kf8 34. Rg8+ Kxg8 35. Nf6+ Kf8 36. Nxd7+ Ke7 37. Nf6 Rg5+ 38. Kh1 Rg6 39. Qe4 Rc8 40. Qb7+ Rc7
41. Qxb6 Ng5 42. Qxd6#
1-0

[Event "Anna Ushenina"]
[Site "SchemingMind.com"]
[Date "2013.04.10"]
[Round "-"]
[White "Kenny Elliott"]
[Black "white bishop"]
[Result "0-1"]
[WhiteCountry "USA"]
[BlackCountry "PHI"]
[WhiteElo "1502"]
[WhiteRD "121"]
[BlackElo "2203"]
[BlackRD "86"]
[GameID "329946"]

1. d4 d5 2. c4 e6 3. Nf3 c6 4. Nc3 Nf6 5. Bg5 h6 6. Bh4 Bd6 7. e3 O-O 8. Bd3 Nbd7 9. O-O g5 10. Bg3 Bxg3
11. hxg3 dxc4 12. Bxc4 a6 13. Nd2 c5 14. d5 exd5 15. Nxd5 b5 16. Nxf6+ Nxf6 17. Be2 Bf5 18. f4 Nd5 19. Qc1 Nxe3 20. Re1 Nc2
21. Bh5 Nxe1 22. Qxe1 Qd4+ 23. Kh1 Qxb2 24. Nf3 c4 25. Ne5 c3 26. Kh2 Be6 27. a3 Rac8 28. Nd3 Qd2 29. Nb4 a5 30. Qxd2 cxd2
31. Nd3 Bb3 32. fxg5 Rc3 33. Ne5 Rc1 34. Rxc1 dxc1=Q
0-1

[Event "Anna Ushenina"]
[Site "SchemingMind.com"]
[Date "2013.05.21"]
[Round "-"]
[White "emvarela"]
[Black "Brian Acebo"]
[Result "1-0"]
[WhiteCountry "ARG"]
[BlackCountry "USA"]
[WhiteElo "1761"]
[WhiteRD "48"]
[BlackElo "1636"]
[BlackRD "102"]
[GameID "331981"]

1. e4 c5 2. Nf3 Nc6 3. d4 cxd4 4. Nxd4 a6 5. Nc3 Nf6 6. Nxc6 bxc6 7. e5 Nd5 8. Nxd5 cxd5 9. Qxd5 Ra7 10. Be3 Rb7
11. O-O-O e6 12. Qd2 a5 13. Ba6 Rc7 14. Bb5 Be7 15. Bb6 O-O 16. Qxa5
1-0

[Event "Anna Ushenina"]
[Site "SchemingMind.com"]
[Date "2013.05.21"]
[Round "-"]
[White "Brian Acebo"]
[Black "emvarela"]
[Result "0-1"]
[WhiteCountry "USA"]
[BlackCountry "ARG"]
[WhiteElo "1537"]
[WhiteRD "99"]
[BlackElo "1741"]
[BlackRD "47"]
[GameID "331984"]

1. e4 e5 2. Nf3 Nc6 3. Bb5 a6 4. Ba4 Nf6 5. d3 b5 6. Bb3 d6 7. h3 Na5 8. c3 c5 9. Bc2 Be7 10. O-O O-O
11. a3 Bb7 12. b4 cxb4 13. axb4 Nc6 14. Be3 d5 15. exd5 Nxd5 16. Bd2 a5 17. bxa5 Rxa5 18. Rxa5 Nxa5 19. Nxe5 Bd6 20. Re1 Nc6
21. Nxc6 Bxc6 22. c4 bxc4 23. dxc4 Nb4 24. Be4 Bxe4 25. Rxe4 Qb6 26. Be3 Qc6 27. Rg4 Bc5 28. Bxc5 Qxc5 29. Qf3 Nc6 30. Nd2 Ne5
31. Qf5 Qd6 32. Re4 Qxd2 33. Qxe5 g6 34. f3 Qc1+ 35. Kh2 Qd2 36. c5 Rc8 37. Rc4 Qd7 38. Qe4 Re8 39. Qf4 Rc8 40. Qe3 Qc7+
41. g3 Qa5 42. h4 Qa2+
0-1

[Event "Anna Ushenina"]
[Site "SchemingMind.com"]
[Date "2013.05.27"]
[Round "-"]
[White "Louis Lima"]
[Black "miriskra"]
[Result "1-0"]
[WhiteCountry "ESP"]
[BlackCountry "WLS"]
[WhiteElo "1973"]
[WhiteRD "86"]
[BlackElo "1911"]
[BlackRD "71"]
[GameID "332189"]

1. d4 e6 2. e4 d5 3. Nd2 dxe4 4. Nxe4 Nd7 5. Nf3 Ngf6 6. Bd3 Nxe4 7. Bxe4 Nf6 8. Bg5 Be7 9. Bxf6 Bxf6 10. Qd3 h6
11. O-O-O O-O 12. g4 Rb8 13. h4 Be7 14. g5 h5 15. Ne5 g6 16. Bxg6 Bxg5+ 17. Kb1 Bf6 18. Bh7+ Kh8 19. Qf3 Bxe5 20. dxe5 Qe7
21. Qxh5
1-0

[Event "Anna Ushenina"]
[Site "SchemingMind.com"]
[Date "2013.05.27"]
[Round "-"]
[White "miriskra"]
[Black "Louis Lima"]
[Result "1/2-1/2"]
[WhiteCountry "WLS"]
[BlackCountry "ESP"]
[WhiteElo "1911"]
[WhiteRD "71"]
[BlackElo "1973"]
[BlackRD "86"]
[GameID "332192"]

1. d4 Nf6 2. c4 e6 3. Nf3 Bb4+ 4. Bd2 Qe7 5. g3 Nc6 6. Bg2 Bxd2+ 7. Qxd2 Ne4 8. Qc1 Qb4+ 9. Nbd2 Nxd2 10. Qxd2 Qxc4
11. O-O Qb4 12. Qc1 d6 13. e4 O-O 14. d5 exd5 15. exd5 Ne7 16. Qxc7 Nxd5 17. Qc2 Be6 18. Rfe1 Rac8 19. Qd3 Nf6 20. a3 Qc4
21. Qxd6 Rfd8 22. Qe5 b6 23. h3 Rc5 24. Qe3 Rd3 25. Qe2 Qc2 26. Qxc2 Rxc2 27. Rxe6 fxe6 28. Ne1 Rdd2 29. Nxc2 Rxc2 30. Rb1 Kf7
31. Bf1 Rd2 32. Bg2 Nd7 33. Rc1 Rxb2 34. Rc7 Ke7 35. Rxa7 Kd6 36. Be4 Nf6=
1/2-1/2

[Event "Anna Ushenina"]
[Site "SchemingMind.com"]
[Date "2013.05.29"]
[Round "-"]
[White "John Galvin"]
[Black "Buckaroo Bob"]
[Result "1-0"]
[WhiteCountry "USA"]
[BlackCountry "USA"]
[WhiteElo "2303"]
[WhiteRD "70"]
[BlackElo "2268"]
[BlackRD "74"]
[GameID "332253"]

1. e4 c5 2. Nf3 d6 3. Bb5+ Bd7 4. Bxd7+ Qxd7 5. O-O Nc6 6. c3 d5 7. exd5 Qxd5 8. d4 e6 9. Be3 cxd4 10. cxd4 Nf6
11. Nc3 Qa5 12. Qb3 Qb4 13. Qc2 Be7 14. a3 Qd6 15. Rfd1 O-O 16. Ng5 h6 17. Nge4 Nxe4 18. Nxe4 Qc7 19. Nc3 Na5 20. d5 exd5
21. Qa4 d4 22. Bxd4 Nc6 23. Nd5 Qd8 24. Bc3 Bd6 25. Qg4 Qg5 26. Qxg5 hxg5 27. Nf6+ gxf6 28. Rxd6 Rad8 29. Rad1
1-0

[Event "Anna Ushenina"]
[Site "SchemingMind.com"]
[Date "2013.05.29"]
[Round "-"]
[White "Buckaroo Bob"]
[Black "John Galvin"]
[Result "0-1"]
[WhiteCountry "USA"]
[BlackCountry "USA"]
[WhiteElo "2288"]
[WhiteRD "70"]
[BlackElo "2302"]
[BlackRD "68"]
[GameID "332257"]

1. Nf3 Nf6 2. c4 c5 3. Nc3 Nc6 4. g3 e5 5. Bg2 Be7 6. O-O O-O 7. d3 a6 8. Bd2 Rb8 9. Nd5 d6 10. a3 b5
11. Nxe7+ Qxe7 12. Ng5 Bb7 13. cxb5 axb5 14. Re1 Rfd8 15. Rc1 Ra8 16. Nf3 h6 17. Bc3 d5 18. e3 b4 19. axb4 cxb4 20. Bd2 e4
21. Nd4 Ne5 22. Bf1 Ba6 23. Qb3 Qd7 24. Bxb4 Bxd3 25. f4 Bc4 26. Bxc4 dxc4
0-1

[Event "Anna Ushenina"]
[Site "SchemingMind.com"]
[Date "2013.07.24"]
[Round "-"]
[White "simpet"]
[Black "Louis Lima"]
[Result "1/2-1/2"]
[WhiteCountry "ENG"]
[BlackCountry "ESP"]
[WhiteElo "1656"]
[WhiteRD "59"]
[BlackElo "1911"]
[BlackRD "75"]
[GameID "335333"]

1. e4 c5 2. Nf3 e6 3. d4 cxd4 4. Nxd4 Nf6 5. Qf3 Qb6 6. c3 Nc6 7. Bd3 Nxd4 8. cxd4 Bb4+ 9. Nc3 Qxd4 10. O-O Bxc3
11. bxc3 Qxc3 12. Bf4 e5 13. Bg5 Qc6 14. Rfc1 Qe6 15. Bc4 Qg4 16. Qxg4 Nxg4 17. h3 Nf6 18. Bxf6 gxf6 19. Bd5 O-O 20. Rc7 Rb8
21. Rb1 Rd8 22. Rb3 Kf8 23. Bxb7 Ke8 24. Bd5 Rxb3 25. Bxb3 Ba6 26. Rxa7 Bb5 27. a4 Bc6 28. f3 Rb8 29. Bd5 Bxd5 30. exd5 Rb1+
31. Kh2 Rd1 32. Ra5 Ke7 33. Kg3 Kd6 34. Kg4 Rxd5 35. Rxd5+ Kxd5 36. Kf5 Kc4 37. Kxf6 d5 38. Kxe5 d4 39. a5 d3= 40. a6 d2
41. a7 d1=Q 42. a8=Q Qd4+ 43. Kf5 Qd7+ 44. Kf4 Qd6+ 45. Kg4 Qg6+ 46. Kh4 Qf6+ 47. Kg3 Qg5+ 48. Kh2 Qf4+ 49. Kg1 Qe3+ 50. Kh2 Qf4+
51. Kh1 Qc1+ 52. Kh2 Qf4+=
1/2-1/2

[Event "Anna Ushenina"]
[Site "SchemingMind.com"]
[Date "2013.07.24"]
[Round "-"]
[White "Louis Lima"]
[Black "simpet"]
[Result "1-0"]
[WhiteCountry "ESP"]
[BlackCountry "ENG"]
[WhiteElo "1911"]
[WhiteRD "75"]
[BlackElo "1656"]
[BlackRD "59"]
[GameID "335336"]

1. e4 e5 2. Nf3 Nc6 3. Bb5 Nf6 4. d3 Bc5 5. O-O d6 6. c3 O-O 7. Nbd2 Ne7 8. d4 exd4 9. cxd4 Bb6 10. Qc2 c6
11. Bd3 d5 12. e5 Nh5 13. Bxh7+ Kh8 14. Bd3 f5 15. Nb3 Ng6 16. Bg5 Qd7 17. g3 Qf7 18. Rae1 Be6 19. Nc5 Bxc5 20. Qxc5 f4
21. Qc2 Bf5 22. Bxf5 Qxf5 23. Qxf5 Rxf5 24. g4 Rxg5 25. Nxg5
1-0

[Event "Anna Ushenina"]
[Site "SchemingMind.com"]
[Date "2013.08.24"]
[Round "-"]
[White "thefriediceman"]
[Black "Ezedoke"]
[Result "0-1"]
[WhiteCountry "USA"]
[BlackCountry "ARG"]
[WhiteElo "1933"]
[WhiteRD "103"]
[BlackElo "2490"]
[BlackRD "85"]
[GameID "337064"]

1. e4 c5 2. Nc3 Nc6 3. g3 g6 4. Bg2 Bg7 5. d3 d6 6. Be3 Rb8 7. Nge2 b5 8. Qd2 b4 9. Nd1 Nd4 10. O-O h5
11. h3 Bd7 12. f4 Qc8 13. h4 Qa6 14. Nc1 Nh6 15. Nf2 Qb6 16. c3 bxc3 17. bxc3 a5 18. Re1 Ba4 19. Bxd4 cxd4 20. c4 Bd7
21. Ne2 e5 22. Qc2 Qb2 23. Rec1 Ng4 24. Nxg4 Qxc2 25. Rxc2 hxg4 26. Rcc1 Rb2 27. Bf1 Ke7 28. Re1 a4 29. a3 Rhb8 30. Red1 R8b3
31. Kh1 f5 32. Nc1 Rc3 33. exf5 Bc6+ 34. Kg1 Bf3 35. Re1 gxf5 36. c5 dxc5 37. fxe5 Bh6
0-1

[Event "Anna Ushenina"]
[Site "SchemingMind.com"]
[Date "2013.08.24"]
[Round "-"]
[White "Ezedoke"]
[Black "thefriediceman"]
[Result "1-0"]
[WhiteCountry "ARG"]
[BlackCountry "USA"]
[WhiteElo "2490"]
[WhiteRD "85"]
[BlackElo "1933"]
[BlackRD "103"]
[GameID "337067"]

1. e4 c6 2. d4 d5 3. e5 Bf5 4. Be2 e6 5. Nf3 Ne7 6. O-O h6 7. Nbd2 Nd7 8. Nb3 Qc7 9. a4 a5 10. Be3 g5
11. Re1 Bg7 12. Bd3 b6 13. c4 O-O 14. h4 g4 15. cxd5 cxd5 16. Nh2 h5 17. Bb5 Bg6 18. Bg5 Nf5 19. Nxg4 Rfc8 20. Ne3 Nxe3
21. Rxe3 Nf8 22. Rc1 Qb7 23. Rec3 Rxc3 24. Rxc3 Rc8 25. Rxc8 Qxc8 26. Qc1 Qxc1+ 27. Nxc1 Nh7 28. Bd8 Bh6 29. Na2 Bd2 30. Bxb6 Bc2
31. Nc3 Bc1 32. Bxa5 Bxb2 33. Bb4
1-0

[Event "Anna Ushenina"]
[Site "SchemingMind.com"]
[Date "2013.09.09"]
[Round "-"]
[White "John Galvin"]
[Black "white bishop"]
[Result "1/2-1/2"]
[WhiteCountry "USA"]
[BlackCountry "PHI"]
[WhiteElo "2360"]
[WhiteRD "73"]
[BlackElo "2241"]
[BlackRD "81"]
[GameID "337951"]

1. e4 d6 2. d4 Nf6 3. Nc3 g6 4. Bg5 h6 5. Be3 c6 6. h3 b5 7. e5 b4 8. exf6 bxc3 9. bxc3 e6 10. Nf3 Nd7
11. Bd3 Rb8 12. O-O Qc7 13. Qd2 Bb7 14. Rfb1 Nxf6 15. Rb3 Nd5 16. Rab1 Bg7 17. c4 Nxe3 18. Qxe3 Kd7 19. d5 cxd5 20. Qxa7 Ba8
21. Qe3 Rxb3 22. cxb3 Rc8 23. Rc1 e5 24. Re1 d4 25. Qe2 Qa7 26. b4 Ke7 27. c5 Qc7 28. cxd6+ Qxd6 29. Nxe5 Bxe5 30. f4 Rc3
31. fxe5 Qxb4 32. Rb1 Qc5 33. Qf2 Rc1+ 34. Rxc1 Qxc1+ 35. Bf1 Qe3 36. Bc4 Bc6 37. Qxe3 dxe3 38. Kf1 f5 39. exf6+=
1/2-1/2

[Event "Anna Ushenina"]
[Site "SchemingMind.com"]
[Date "2013.09.13"]
[Round "-"]
[White "white bishop"]
[Black "John Galvin"]
[Result "0-1"]
[WhiteCountry "PHI"]
[BlackCountry "USA"]
[WhiteElo "2241"]
[WhiteRD "81"]
[BlackElo "2360"]
[BlackRD "73"]
[GameID "337954"]

1. c4 Nf6 2. Nc3 c5 3. g3 e6 4. Nf3 b6 5. Bg2 Bb7 6. O-O Be7 7. d4 cxd4 8. Nxd4 Bxg2 9. Kxg2 Qc8 10. Qa4 O-O
11. h3 Qb7+ 12. f3 Rc8 13. e4 d6 14. Rd1 a6 15. Bg5 Nc6 16. Nxc6 Rxc6 17. Rac1 Rac8 18. b3 Ng4 19. Bd2 Ne5 20. Bf4 b5
21. cxb5 Rxc3 22. Qxa6 Qxa6 23. bxa6 Rxc1 24. Rxc1 Ra8 25. Bxe5 dxe5 26. Rc7 Bd8 27. Rc6 Kf8 28. Kf1 Ke8 29. b4 Rb8 30. a3 Kd7
31. Rc5 Be7 32. Rb5 Bd6 33. Rxb8 Bxb8 34. Ke1 Kc6 35. Kd2 Kb5 36. Kc3 Ka4 37. h4 Ba7 38. Kc4 h5 39. Kd3 Kxa3 40. Kc3 Ka4
41. Kc4 g6 42. g4 Bf2 43. Kd3 Kb5 44. gxh5 gxh5 45. Ke2 Bd4 46. Kf1 Kxa6 47. Ke2 Kb5
0-1

[Event "Anna Ushenina"]
[Site "SchemingMind.com"]
[Date "2013.10.02"]
[Round "-"]
[White "emvarela"]
[Black "recam"]
[Result "1/2-1/2"]
[WhiteCountry "ARG"]
[BlackCountry "ENG"]
[WhiteElo "1683"]
[WhiteRD "48"]
[BlackElo "1670"]
[BlackRD "111"]
[GameID "339125"]

1. e4 e5 2. Nf3 Nc6 3. Bb5 a6 4. Bxc6 dxc6 5. O-O Bg4 6. h3 h5 7. d3 Qf6 8. Nbd2 Ne7 9. Nc4 Bxf3 10. Qxf3 Qxf3
11. gxf3 Ng6 12. a3 O-O-O 13. Ne3 Nf4 14. Nc4 Bd6 15. Nxd6+ cxd6 16. Bxf4 exf4 17. Rfe1 Rde8 18. d4 b5 19. e5 dxe5 20. dxe5 Re6
21. Re4 Rd8 22. Rae1 g5 23. h4 Rd2 24. R1e2 Rxe2 25. Rxe2 f6 26. hxg5 fxg5 27. c3 Kc7 28. Kg2 Kb6 29. b3 Kc5 30. Re4 Kd5
31. c4+ bxc4 32. Rxc4 Kxe5 33. Rc5+ Kf6 34. b4 Rd6 35. Ra5 Re6 36. a4 c5 37. Rxc5 Rb6 38. a5 Rxb4 39. Rc6+ Kf5 40. Rxa6 Ra4
41. Ra8 Ra1 42. a6 Kg6 43. a7 Kg7 44. Kh2 Kh7 45. Kg2 Kg7 46. Kh2 Kh7 47. Kg2 Kg7 48. Kh2 Kh7=
1/2-1/2

[Event "Anna Ushenina"]
[Site "SchemingMind.com"]
[Date "2013.10.01"]
[Round "-"]
[White "recam"]
[Black "emvarela"]
[Result "1/2-1/2"]
[WhiteCountry "ENG"]
[BlackCountry "ARG"]
[WhiteElo "1665"]
[WhiteRD "111"]
[BlackElo "1720"]
[BlackRD "50"]
[GameID "339132"]

1. e4 e5 2. Nf3 Nc6 3. Nc3 Nf6 4. Bb5 Nd4 5. Ba4 c6 6. Nxe5 d6 7. Nd3 b5 8. Bb3 a5 9. a3 Nxb3 10. cxb3 Be7
11. O-O O-O 12. Nf4 Bb7 13. d4 b4 14. e5 dxe5 15. dxe5 Nd5 16. Ncxd5 cxd5 17. Be3 Qc7 18. Nxd5 Bxd5 19. Qxd5 Rad8 20. Qc4 Qxe5
21. axb4 Bxb4 22. Rad1 Qxb2 23. Rb1 Qc3 24. Rfc1 Qxc4 25. bxc4 Rc8 26. Ra1 Rc6 27. Ra2 Rfc8 28. Rac2 Ba3 29. Ra1 Bb4 30. Rac1 Ba3=
1/2-1/2

[Event "Anna Ushenina"]
[Site "SchemingMind.com"]
[Date "2014.02.18"]
[Round "-"]
[White "recam"]
[Black "John Galvin"]
[Result "0-1"]
[WhiteCountry "ENG"]
[BlackCountry "USA"]
[WhiteElo "1666"]
[WhiteRD "118"]
[BlackElo "2322"]
[BlackRD "83"]
[GameID "348097"]

1. e4 c5 2. Nc3 a6 3. f4 e6 4. Nf3 d5 5. d3 Nc6 6. g3 d4 7. Ne2 Nf6 8. Bg2 Be7 9. O-O b5 10. h3 Bb7
11. g4 O-O 12. g5 Nd7 13. Bd2 Nb6 14. Qe1 Qd7 15. Ng3 Qc7 16. h4 c4 17. h5 Rad8 18. g6 hxg6 19. hxg6 fxg6
0-1

[Event "Anna Ushenina"]
[Site "SchemingMind.com"]
[Date "2014.02.17"]
[Round "-"]
[White "John Galvin"]
[Black "recam"]
[Result "1-0"]
[WhiteCountry "USA"]
[BlackCountry "ENG"]
[WhiteElo "2322"]
[WhiteRD "83"]
[BlackElo "1666"]
[BlackRD "118"]
[GameID "348098"]

1. e4 e6 2. d4 d5 3. Nd2 dxe4 4. Nxe4 Nd7 5. Nf3 Ngf6 6. Bd3 Nxe4 7. Bxe4 Nf6 8. Bg5 Be7 9. Bd3 c5 10. dxc5 Qa5+
11. c3 Qxc5 12. O-O Bd7 13. Be3 Qc7 14. Re1 O-O 15. Bd4 Bc6 16. Ne5 b6 17. Nxc6 Qxc6 18. Bxf6 Bxf6 19. Be4 Qc8 20. Bxa8 Qxa8
21. Qa4 g6 22. Rad1 Bg7 23. Rd7
1-0

[Event "Anna Ushenina"]
[Site "SchemingMind.com"]
[Date "2014.04.16"]
[Round "-"]
[White "John Galvin"]
[Black "Ezedoke"]
[Result "1/2-1/2"]
[WhiteCountry "USA"]
[BlackCountry "ARG"]
[WhiteElo "2357"]
[WhiteRD "86"]
[BlackElo "2583"]
[BlackRD "97"]
[GameID "356719"]

1. e4 c5 2. c3 Nf6 3. e5 Nd5 4. d4 cxd4 5. Nf3 Nc6 6. cxd4 d6 7. Bc4 dxe5 8. dxe5 Ndb4 9. Qb3 e6 10. O-O Na5
11. Bb5+ Bd7 12. Qa4 Bxb5 13. Qxb5+ Nac6 14. Nc3 a6 15. Qc4 Qd3 16. Qg4 h5 17. Qg3 Qh7 18. Bg5 Nd3 19. Rad1 h4 20. Nxh4 Ndxe5
21. f4 Be7 22. Bxe7 Nxe7 23. f5 N5c6 24. Rf4 exf5 25. Nd5 Rd8 26. Nc7+ Kf8 27. Rxd8+ Nxd8 28. Qa3 Qh5 29. Qd6 Nc6 30. Nxf5 Qxh2+
31. Kf2 Kg8 32. Nxe7+ Nxe7=
1/2-1/2

[Event "Anna Ushenina"]
[Site "SchemingMind.com"]
[Date "2014.04.17"]
[Round "-"]
[White "Ezedoke"]
[Black "John Galvin"]
[Result "1-0"]
[WhiteCountry "ARG"]
[BlackCountry "USA"]
[WhiteElo "2570"]
[WhiteRD "97"]
[BlackElo "2402"]
[BlackRD "91"]
[GameID "356720"]

1. e4 c5 2. Nf3 d6 3. d4 cxd4 4. Nxd4 Nf6 5. Nc3 a6 6. Be3 e5 7. Nb3 Be7 8. f3 O-O 9. Qd2 Be6 10. O-O-O Nbd7
11. g4 b5 12. g5 Nh5 13. Kb1 Nb6 14. Nd5 Nxd5 15. exd5 Bd7 16. Na5 Qc7 17. Bd3 Rab8 18. Rhe1 g6 19. h4 f6 20. gxf6 Bxf6
21. Be4 Ng3 22. Nc6 Rbe8 23. h5 Nxh5 24. Rh1 Bg7 25. Rxh5 gxh5 26. Qd3 h6 27. Rg1 Kh8 28. Rh1 Rf6 29. Rxh5 Kg8 30. b3 Ref8
31. Ne7+ Kf7 32. Ng6 Rc8 33. Bxh6 Bxh6 34. Rxh6 Rg8 35. f4 Ke8 36. fxe5 dxe5 37. Rh5 b4 38. Nxe5 Bb5 39. Qe3 Qc3 40. Qxc3 bxc3
41. a4 Be2 42. Rh2 Rf1+ 43. Ka2 Rgg1 44. Ka3 a5 45. b4 Rb1= 46. Rh8+ Ke7 47. Nc6+ Kf6 48. Nxa5 Rb2 49. Nb3 Bc4 50. b5 Rgb1
51. Kb4 Bxb3 52. cxb3 Rxb3+ 53. Ka5 R1b2 54. d6 Rd2 55. Rc8 Ke6 56. Bg6 Kxd6 57. Bf7 Ra3 58. Kb4 Ra1= 59. Rxc3 Rd4+ 60. Bc4 Rad1
61. b6 Rg4 62. Ka5
1-0